[Event "Barcelona Sant Marti op-B 20th"]
[Site "Barcelona"]
[Date "2018.07.18"]
[Round "6"]
[White "Castro Estrella, Joan Gabriel"]
[Black "Julia Yebra, David"]
[Result "1-0"]
[WhiteElo "1712"]
[BlackElo "1808"]
[PlyCount "67"]
[EventDate "2018.07.13"]
[EventType "swiss"]
[EventRounds "9"]
[EventCountry "ESP"]
[SourceTitle "EXT 2019"]
[Source "ChessBase"]
[SourceDate "2018.10.10"]
[SourceVersion "1"]
[SourceVersionDate "2018.10.10"]
[SourceQuality "1"]

1. c4 e5 2. g3 Nf6 3. Bg2 d6 4. Nf3 g6 5. Nc3 Bg7 6. 0-0 0-0 7. Rb1 a5 8. d3 c6 9. Qc2 Qc7 10. d4 Nbd7 11. dxe5 dxe5 12. b3 Nc5 13. e4 Ncxe4 14. Nxe4 Nxe4 15. Nxe5 Nxg3 16. hxg3 Bxe5 17. Bh6 Bg7 18. Bxg7 Kxg7 19. Qb2+ Kg8 20. a3 Bf5 21. Rbc1 Rad8 22. b4 axb4 23. axb4 b6 24. c5 b5 25. Rfd1 Bd3 26. Qf6 Bc4 27. Bxc6 Rxd1+ 28. Rxd1 Qc8 29. Bd7 Qc7 30. Qd6 Qxd6 31. Rxd6 Ra8 32. c6 Ra1+ 33. Kh2 Be2 34. c7 1-0

[Event "Barcelona Sant Marti op-B 20th"]
[Site "Barcelona"]
[Date "2018.07.16"]
[Round "4"]
[White "Vicente Soriano, Josep"]
[Black "Julia Yebra, David"]
[Result "1-0"]
[WhiteElo "1701"]
[BlackElo "1808"]
[PlyCount "97"]
[EventDate "2018.07.13"]
[EventType "swiss"]
[EventRounds "9"]
[EventCountry "ESP"]
[SourceTitle "EXT 2019"]
[Source "ChessBase"]
[SourceDate "2018.10.10"]
[SourceVersion "1"]
[SourceVersionDate "2018.10.10"]
[SourceQuality "1"]

1. e4 d6 2. d4 Nf6 3. Bd3 e5 4. dxe5 dxe5 5. Ne2 Bc5 6. 0-0 0-0 7. h3 c6 8. Nbc3 a5 9. Bg5 Be7 10. Be3 Qc7 11. Ng3 Na6 12. Qf3 Nb4 13. Rfd1 Rd8 14. Na4 c5 15. a3 Nxd3 16. cxd3 Be6 17. Nc3 b6 18. Nf5 Bxf5 19. Qxf5 g6 20. Qf3 Ne8 21. Nd5 Qd6 22. Nxe7+ Qxe7 23. Rac1 a4 24. Qg3 Rd7 25. h4 f6 26. f4 exf4 27. Bxf4 Ng7 28. Qf3 Rad8 29. Rc3 Ne6 30. Be3 Nd4 31. Bxd4 Rxd4 32. b3 axb3 33. Rxb3 c4 34. Rxb6 Rxd3 35. Rxd3 cxd3 36. Rb1 d2 37. Rd1 Qe5 38. Qb3+ Kf8 39. Qb4+ Qd6 40. Rxd2 Qxb4 41. Rxd8+ Ke7 42. axb4 Kxd8 43. Kf2 Kc7 44. Ke3 Kb6 45. Kd4 Kb5 46. Kc3 h6 47. g4 Kc6 48. Kc4 Kb6 49. Kd5 1-0

[Event "Barcelona Sant Marti op-B 15th"]
[Site "Barcelona"]
[Date "2013.07.15"]
[Round "3"]
[White "Julia Yebra, David"]
[Black "Ylla Soro, Rafael"]
[Result "1-0"]
[WhiteElo "1873"]
[BlackElo "1596"]
[PlyCount "83"]
[EventDate "2013.07.13"]
[EventType "swiss"]
[EventRounds "9"]
[EventCountry "ESP"]
[SourceTitle "CBM 155 Extra"]
[Source "ChessBase"]
[SourceDate "2013.08.26"]
[SourceVersion "1"]
[SourceVersionDate "2013.08.26"]
[SourceQuality "1"]

1. c4 f5 2. Nc3 Nf6 3. g3 e6 4. Bg2 Bb4 5. a3 Bxc3 6. dxc3 0-0 7. Nf3 Nc6 8. 0-0 d6 9. Qc2 Ne7 10. Bg5 h6 11. Bxf6 Rxf6 12. Rad1 Qe8 13. Rd2 Rb8 14. Rfd1 b6 15. Nd4 a6 16. f4 Bb7 17. Bxb7 Rxb7 18. e4 fxe4 19. Qxe4 Rb8 20. Nxe6 Nf5 21. Re1 Qf7 22. Nd4 Qxc4 23. Nxf5 Qxe4 24. Nxh6+ Rxh6 25. Rxe4 Rf8 26. Re7 Rf7 27. Rde2 Rhf6 28. h4 Kh7 29. Kf2 Kg6 30. Kf3 Kh5 31. g4+ Kg6 32. f5+ Kh7 33. Rxf7 Rxf7 34. Re6 d5 35. Kf4 Kg8 36. Re8+ Rf8 37. Rxf8+ Kxf8 38. Ke5 Ke7 39. Kxd5 Kd7 40. g5 c6+ 41. Ke5 Ke7 42. h5 1-0